Normale Ansicht MARC-Ansicht ISBD

Frankfurt an der Oder - Straßburg des Ostens (Titelsatznr. 371878)

[ MARC ]
MARC-Details
000 -Satzkennung
Kontrollfeld mit fester Länge 00855nam a22001817a 4500
008 - Feld mit fester Länge zur physischen Beschreibung - Allgemeine Angaben
Kontrollfeld mit fester Länge 201127b ||||| |||| 00| 0 eng d
040 ## - Katalogisierungsquelle
Original-Katalogisierungsstelle DE-2950
Katalogisierungssprache ger
Übertragungsstelle DE-2950
Beschreibungsfestlegungen rda
041 ## - Sprachcode
Sprachcode des Textes/der Tonspur oder des separaten Titels ger
245 ## - Titel
Haupttitel Frankfurt an der Oder - Straßburg des Ostens
Titelzusatz Bewerbung. Auch große Investitionen, wie das von der Bundesregierung ausgeschriebene Zukunftszentrum, können in kleineren Städten erfolgreich sein, weil sie nah an den Lebensrealitäten sind. Warum Frankfurt (Oder) ein hervorragender Standort wäre/
Verantwortlichkeitsangabe Heinz Kannenberg
264 ## - Veröffentlichungsangabe, Vertriebsangabe, Herstellungsangabe
Erscheinungs-, Vertriebs-, Herstellungsdatum 2022
653 ## - Lokales Schlagwort
Nicht-normierter Term Frankfurt (Oder)
653 ## - Lokales Schlagwort
Nicht-normierter Term Zukunftszentrum
773 ## - Übergeordnete Einheit
Ort, Verlag und Erscheinungsjahr Frankfurt (Oder) Märkisches Verlags- und Druckhaus GmbH & Co KG
Titel Märkische Oderzeitung
Verknüpfungsangaben 33. Jahrgang (2022) Nr. 225 vom 26.09.2022, S. 13: Abb.
942 ## - Zusätzliche Felder (Koha)
Koha-Medientyp Aufsätze
Exemplare
Ausgeschieden Verloren Beschädigt Nicht entleihbar Permanenter Standort Aktueller Standort Aufstellungsort Eingabedatum Anzahl Ausleihen Signatur Letzte Aktivität Preis gültig von Medientyp
        Stadtarchiv Frankfurt (Oder) | Archivbibliothek Stadtarchiv Frankfurt (Oder) | Archivbibliothek Magazin 28/09/2022   Z2 28/09/2022 28/09/2022 Aufsätze